| Tag |
First Indicator |
Second Indicator |
Subfields |
| LEADER |
00000cam a2200000Ia 4500 |
| 001 |
in00002409255 |
| 005 |
20211129160331.0 |
| 006 |
m d f |
| 007 |
cr mn||||||||| |
| 008 |
080619s2008 vauab sb f000 0 eng d |
| 035 |
|
|
|a (OCoLC)ocn232328561
|
| 040 |
|
|
|a GIS
|c GIS
|d GPO
|d MvI
|d UtOrBLW
|
| 049 |
|
|
|a WWW
|
| 074 |
|
|
|a 0624-B-02 (online)
|
| 086 |
0 |
|
|a I 19.42/4-4:2008-5093
|
| 100 |
1 |
|
|a Berenbrock, Charles.
|
| 245 |
1 |
0 |
|a Simulation of flow, sediment transport, and sediment mobility of the lower Coeur d'Alene River, Idaho /
|c by Charles Berenbrock and Andrew W. Tranmer ; prepared in cooperation with the Idaho Department of Environmental Quality, Basin Environmental Improvement Commission, and the U.S. Environmental Protection Agency.
|
| 264 |
|
1 |
|a Reston, Va. :
|b U.S. Geological Survey,
|c 2008.
|
| 300 |
|
|
|a viii, 164 pages :
|b digital, PDF file.
|
| 336 |
|
|
|a text
|b txt
|2 rdacontent
|
| 337 |
|
|
|a computer
|b c
|2 rdamedia
|
| 338 |
|
|
|a online resource
|b cr
|2 rdacarrier
|
| 490 |
1 |
|
|a Scientific investigations report ;
|v 2008-5093
|
| 538 |
|
|
|a Mode of access: Internet at the USGS web site. Address as of 7/9/08: http://pubs.usgs.gov/sir/2008/5093/ ; current access is available via PURL.
|
| 500 |
|
|
|a Title from PDF title screen (viewed on June 19, 2008).
|
| 504 |
|
|
|a Includes bibliographical references.
|
| 500 |
|
|
|a Electronic resource.
|
| 650 |
|
0 |
|a Sediment transport
|z Idaho
|z Coeur d'Alene River
|x Computer simulation.
|
| 700 |
1 |
|
|a Tranmer, Andrew W.
|
| 710 |
1 |
|
|a Idaho.
|b Basin Environmental Improvement Commission.
|
| 710 |
1 |
|
|a United States.
|b Environmental Protection Agency.
|
| 710 |
2 |
|
|a Geological Survey (U.S.)
|
| 830 |
|
0 |
|a Scientific investigations report ;
|v 2008-5093.
|
| 856 |
4 |
0 |
|u https://purl.fdlp.gov/GPO/LPS96509
|t 0
|
| 999 |
|
|
|a MARS
|
| 999 |
f |
f |
|s 3ea6de9c-2b00-3dd3-a4b7-d8107281ec38
|i 42dd96d2-eb50-3ae8-bd3c-72210896a63d
|t 0
|
| 952 |
f |
f |
|a Texas A&M University
|b College Station
|c Electronic Resources
|d Available Online
|t 0
|e I 19.42/4-4:2008-5093
|h Superintendent of Documents classification
|
| 998 |
f |
f |
|a I 19.42/4-4:2008-5093
|t 0
|l Available Online
|